In search for greater V4 engagement in international crisis management

Salvato in:
Dettagli Bibliografici
Altri autori: Goda, Samuel, Ušiak, Jaroslav, Strnad, Štěpán
Natura: Libro
Lingua:inglese
Pubblicazione: Bratislava Research Center of the Slovak Foreign Policy Association 2015
Edizione:1st ed.
Soggetti:
Tags: Aggiungi Tag
Nessun Tag, puoi essere il primo ad aggiungerne!!

MARC

LEADER 00000nam a2200000 4500
001 0211935
005 20240502073532.7
020 |a 978-80-968155-8-6 
041 0 |a eng 
044 |a SK 
245 1 0 |a In search for greater V4 engagement in international crisis management  |c Samuel Goda, ed. ; reviewers: Jaroslav Ušiak, Štěpán Strnad 
250 |a 1st ed. 
264 1 |a Bratislava  |b Research Center of the Slovak Foreign Policy Association  |c 2015 
300 |a 68 s. [4,86 AH] 
610 2 0 |a manažment krízový 
610 2 0 |a stredná Európa 
610 2 0 |a Česko 
610 2 0 |a Maďarsko 
610 2 0 |a Poľsko 
610 2 0 |a Slovensko 
700 1 |a Goda, Samuel 
700 1 |a Ušiak, Jaroslav 
700 1 |a Strnad, Štěpán